Video Games by State - Statistics

General Stats
  • This quiz has been taken 40 times
  • The average score is 16 of 21
Answer Stats
Hint Answer % Correct
Grand Theft Auto 5 California
100%
Hotline Miami Florida
97%
South Park: Stick of Truth Colorado
89%
Later Alligator New York
84%
Age of Empires 3 Texas
84%
Jurassic World Evolution 2 Arizona
78%
Silent Hill 2 Maine
78%
Planet Zoo Oregon
78%
Red Dead Redemption 2 Louisiana
76%
Lego Dimensions Nevada
76%
Alan Wake Washington
76%
Forza Motorsport Ohio
73%
Payday 2 Alaska
70%
Watch Dogs Illinois
70%
Assassin's Creed 3 Massachusetts
70%
Assassin's Creed Black Flag Virginia
70%
Call of Duty: Black Ops 2 Georgia
68%
Fallout 76 Pennsylvania
65%
Last of Us Utah
65%
Firewatch Wyoming
59%
Need for Speed: The Run Minnesota
57%
No matching quizzes found
Score Distribution
Percent of People with Each Score
Percentile by Number Answered
Your Score History
You have not taken this quiz